000 00267nam a22001217a 4500
008 181024b xxu||||| |||| 00| 0 eng d
041 _aeng
080 _22nd
_a616
100 _a9
101 _aPAT
245 _aA Textbook of Pathology
_cMoore,R.A
942 _2udc
_cBK
999 _c50850
_d50850